Análisis de la aplicación de la exoneración del impuesto predial como incentivo para la conservación en Manizales. (Registro nro. 4682)

Detalles MARC
000 -CABECERA
Campo de control 00901nam a2200241 a 4500
005 - FECHA Y HORA DE LA ULTIMA TRANSACCION
Campo de control 20160510145518.0
008 - ELEMENTOS DE LONGITUD FIJA—INFORMACION GENERAL
Campo de control 140123b2004 ck ||||| |||| 00| 0 spa d
040 ## - FUENTE DE CATALOGACIÓN
Agencia transcriptora CO-BoIAVH
Agencia catalogadora original CO-BoIAVH
041 ## - IDIOMA
Código de idioma para texto/pista de sonido o título separado Español
044 ## - PAÍS DE PUBLICACIÓN
País de publicación Colombia
090 ## - CLASIFICACIÓN LOCAL
Colección IAVH
Consecutivo 00389
100 1# - ASIENTO PRINCIPAL--NOMBRE PERSONAL
Nombre personal Erazo, Jaime
9 (RLIN) 4922
245 10 - MENCION DE TITULO
Título Análisis de la aplicación de la exoneración del impuesto predial como incentivo para la conservación en Manizales.
260 ## - PUBLICACION, DISTRIBUCION, ETC. (PIE DE IMPRENTA)
Lugar de publicación, distribución, etc. Manizales:
Nombre del editor, distribuidor, etc. Instituto Alexander von Humboldt,
Fecha de publicación, distribución, etc. 2004.
300 ## - DESCRIPCION FISICA
Extensión 41 páginas
500 ## - NOTA GENERAL
Nota general Proyecto Andes - Línea de valoración y equidad.
650 10 - ASIENTO SECUNDARIO DE MATERIA - TERMINO TEMATICO
Término temático o nombre geográfico como elemento de entrada impuesto predial
Subdivisión general exoneración
Subdivisión geográfica Manizales
-- Colombia
9 (RLIN) 67869
650 10 - ASIENTO SECUNDARIO DE MATERIA - TERMINO TEMATICO
Término temático o nombre geográfico como elemento de entrada Conservación de la biodiversidad
Subdivisión geográfica Manizales
-- Colombia
9 (RLIN) 67870
650 10 - ASIENTO SECUNDARIO DE MATERIA - TERMINO TEMATICO
Término temático o nombre geográfico como elemento de entrada Bosques
Subdivisión general conservación
Subdivisión geográfica Manizales
-- Colombia
9 (RLIN) 67871
700 1# - ASIENTO SECUNDARIO - NOMBRE PERSONAL
Nombre personal Benjumea Celemín, Fernando
9 (RLIN) 5514
942 ## - ELEMENTOS ADICIONALES (KOHA)
Tipo de ítem Informe Técnico
Sistema de clasificación Local
Koha issues (borrowed), all copies 1
945 ## - PROCESAMIENTO LOCAL
AAAA-MM-DD - Fecha de ingreso o modificacion 2005-07-19
Existencias
Withdrawn status Lost status Sistema de Clasificación Damaged status No para préstamo Colección Inventariado Ubicación Permanente Ubicación actual Fecha de adquisición Total Checkouts Número topográfico Inventario / Código de Barras Date last seen Ejemplar Price effective from Tipo de material Date checked out
    Local     Humboldt Inventariado 2017 Bogotá Bogotá 19/07/2005   IAVH-00389 019440 09/08/2024 Ej. 1 04/12/2012 Informe Técnico  
    Local     Humboldt Inventariado 2017 Villa de Leyva Bogotá 23/10/2006 1 IAVH-00389 025911 09/08/2024 Ej. 2 04/12/2012 Informe Técnico 16/02/2015